书目信息 |
| 题名: |
化学统计学基础
|
|
| 作者: | 罗旭 编著 | |
| 分册: | ||
| 出版信息: | 沈阳 辽宁人民出版社 1985 |
|
| 页数: | 428页 | |
| 开本: | 20cm | |
| 丛书名: | ||
| 单 册: | ||
| 中图分类: | O6-051 , O651 | |
| 科图分类: | ||
| 主题词: | 化学-统计学 , 统计学-化学 | |
| 电子资源: | ||
| ISBN: | ||
| 000 | 00668nam0 2200265 45 | |
| 001 | 0185010909 | |
| 005 | 20040630105031.0 | |
| 010 | @dCNY2.55 | |
| 091 | @a7090.284 | |
| 100 | @a19900918d1985 em y0chiy0121 ea | |
| 101 | 0 | @achi |
| 102 | @aCN@b210000 | |
| 105 | @af z 000yy | |
| 106 | @ar | |
| 200 | 10 | @a化学统计学基础@Ahua xue tong ji xue ji chu@f罗旭编著 |
| 210 | @a沈阳@c辽宁人民出版社@d1985 | |
| 215 | @a428页@c图@d20cm | |
| 606 | @a化学-统计学 | |
| 606 | @a统计学-化学 | |
| 690 | @aO6-051@v3 | |
| 690 | @aO651 | |
| 701 | 0 | @a罗旭@Aluo xu@4编著 |
| 801 | 0 | @aCN@b深圳图书馆@c20040630 |
| 801 | 2 | @aCN@bNLC@c20040630 |
| 905 | @f1@b142059@dO651@e54 | |
| 化学统计学基础/罗旭编著.-沈阳:辽宁人民出版社,1985 |
| 428页:图;20cm |
| ISBN :CNY2.55 |
| ● |
| 相关链接 |
|
|
|
|
正题名:化学统计学基础
索取号:O651/54
 
预约/预借
| 序号 | 登录号 | 条形码 | 馆藏地/架位号 | 状态 | 备注 |
| 1 | 0142059 | 001938979 | 第三借阅区/ [索取号:O651/54] | 在馆 | |
| 2 | 0142060 | 202104837 | 第二样本阅览室/ [索取号:O651/54] | 在馆 |